000 00457nam a2200181Ia 4500
001 24213
005 20260414151028.0
008 260414t1997||||xx |||||||||||||| ||spa||
041 _aESP
082 _a793.31982
_bL52
100 _aBiblioteca de la Cultura Argentina
_eAUT
245 0 _aLetras de tango :
_bselección (1897-1981)
260 _c1997
300 _a313 páginas :
_c19 cm.
650 _aABD
654 _aCAU
942 _cLIB
_dJUS
_fJUS
_2ddc
_n
999 _c24213
_d24213